|
|
|
|
| LEADER |
01505nam a2200325 a 4500 |
| 001 |
12559207 |
| 008 |
090528s2000 bg ab b i001 0 eng d |
| 010 |
|
|
|a \\\00440982
|
| 020 |
|
|
|a 9847460043
|
| 040 |
|
|
|a DLC
|c DLC
|d DLC
|d WaU
|
| 082 |
0 |
0 |
|a 597.168/095492
|2 21
|
| 100 |
1 |
|
|a Khan, S. M. Munjurul Hannan.
|
| 245 |
1 |
0 |
|a Red book of threatened fishes of Bangladesh /
|c text, S.M. Munjurul Hannan Khan ; research, M. Monirul H. Khan ... [et al.] ; editors, Mahmud-ul Ameen, Md. Anwarul Islam, Ainun Nishat.
|
| 246 |
3 |
0 |
|a Threatened fishes of Bangladesh
|
| 260 |
|
|
|a Dhaka :
|b IUCN Bangladesh,
|c 2000.
|
| 300 |
|
|
|a xi, 116 p. :
|b col. ill., map ;
|c 26 cm.
|
| 500 |
|
|
|a "IUCN--The World Conservation Union."
|
| 504 |
|
|
|a Includes bibliographical references (p. 113) and index.
|
| 541 |
1 |
|
|e 00007696
|
| 650 |
|
0 |
|a Rare fishes
|z Bangladesh.
|
| 650 |
|
0 |
|a Fishes
|x Conservation
|z Bangladesh.
|
| 700 |
1 |
|
|a Khan, M. Monirul H.
|
| 700 |
1 |
|
|a Ameen, Mahmud-ul.
|
| 700 |
1 |
|
|a Islam, Md. Anwarul.
|
| 700 |
1 |
|
|a Nishat, Ainun.
|
| 710 |
2 |
|
|a International Union for Conservation of Nature and Natural Resources.
|
| 710 |
2 |
|
|a International Union for Conservation of Nature and Natural Resources.
|b Bangladesh Country Office.
|
| 852 |
4 |
|
|a Ayesha Abed Library
|j General shelf
|
| 999 |
|
|
|c 1140
|d 1140
|
| 952 |
|
|
|0 0
|1 0
|2 ddc
|4 0
|6 597_168549200000000_KHA_2000
|7 0
|9 1030
|a BRACUL
|b BRACUL
|c GEN
|d 2009-06-24
|g 0.00
|l 1
|o 597.1685492 KHA
|p 3010007696
|r 2013-04-16
|s 2013-03-31
|t 1
|w 2009-06-24
|y BK
|x No price found in the accession register.
|